000
00241nam a2200097Ia 4500
008
240331s9999 xx 000 0 und d
082
_b
PIN
100
_a
Pines, A
245
0
_a
Experiencing social psychology :
_b
readings and projects
942
_c
L
999
_c
1324
_d
1324